Modern methods of valuation

Bibliographic Details
Main Author: Johnson, Tony
Other Authors: Davies, Keith, Shapiro, Eric
Format: Book
Published: London : The Estates Gazette , 2000
Edition:9th ed.
Subjects:

MARC

LEADER 00000cam a2200000 7i4500
001 0000009894
005 20240429.0
020 |a 0728203464 
040 |a INS 
090 0 0 |a HD1387   |b J64 2000 
100 1 |a Johnson, Tony 
245 1 0 |a Modern methods of valuation   |c Tony Johnson 
250 |a 9th ed. 
260 |a London :   |b The Estates Gazette ,   |c 2000 
300 |a xliv, 637p. ;   |c 21cm. 
650 0 0 |a Valuation   |x Study and teaching 
700 1 |a Davies, Keith 
700 1 |a Shapiro, Eric 
999 |a 0000008987   |b BOOK   |c Open Shelf   |e Default branch 
999 |a 0000008988   |b BOOK   |c Open Shelf   |e Default branch 
999 |a 0000008989   |b BOOK   |c Open Shelf   |e Default branch 
999 |a 0000015274   |b BOOK   |c Red Spot   |e Default branch 
999 |a 0000015275   |b BOOK   |c Open Shelf   |e Default branch 
999 |a 0000015276   |b BOOK   |c Open Shelf   |e Default branch 
999 |a 0000015369   |b BOOK   |c Open Shelf   |e Default branch 
999 |a 0000015419   |b BOOK   |c Open Shelf   |e Default branch 
999 |a 0000017938   |b BOOK   |c Open Shelf   |e Default branch 
999 |a 0000017939   |b BOOK   |c Open Shelf   |e Default branch 
999 |a 0000017940   |b BOOK   |c Open Shelf   |e Default branch 
999 |a 0000017941   |b BOOK   |c Open Shelf   |e Default branch